000 00603nam a2200217 u 4500
005 20210223131336.0
008 100805s2007 r 000 0 eng d
020 _a9789978542781
035 _aUPN01000177227
049 _aCG
050 4 _aPQ8220.42 A2.6
_bS5.3
100 1 _aJácome, Gustavo Alfredo,
_d1912-
245 1 0 _a7 Cuentos ; Vida y obra /
_cGustavo Alfredo Jácome.
260 _aQuito :
_bNorma,
_c2007.
300 _a117 p.
440 0 _aCara y cruz
650 4 _aCUENTOS ECUATORIANOS
_917247
650 4 _aLITERATURA ECUATORIANA
_917248
740 0 _aVida y obra
905 _aLibro
999 _c149330
_d149330